New Zealand Towns - Statistics

General Stats
  • This quiz has been taken 317 times
  • The average score is 8 of 15
Answer Stats
Hint Cities % Correct
Auckland
95%
Wellington
90%
Christchurch
88%
Dunedin
76%
Hamilton
75%
Napier
64%
Nelson
64%
Invercargill
56%
New Plymouth
52%
Gisborne
50%
Queenstown
46%
Whangarei
43%
Timaru
23%
Whakatane
14%
Kaikoura
11%
No matching quizzes found
Score Distribution
Percent of People with Each Score
Percentile by Number Answered
Your Score History
You have not taken this quiz